<?xml version="1.0" encoding="UTF-8"?>
<record
    xmlns:xsi="http://www.w3.org/2001/XMLSchema-instance"
    xsi:schemaLocation="http://www.loc.gov/MARC21/slim http://www.loc.gov/standards/marcxml/schema/MARC21slim.xsd"
    xmlns="http://www.loc.gov/MARC21/slim">

  <leader>00764nam a22001817a 4500</leader>
  <controlfield tag="001">10089</controlfield>
  <controlfield tag="003">FISKH</controlfield>
  <controlfield tag="005">20260407114351.0</controlfield>
  <controlfield tag="008">260407b        cb ||||| |||| 00| 0 eng d</controlfield>
  <datafield tag="040" ind1=" " ind2=" ">
    <subfield code="a">FISKH</subfield>
    <subfield code="b">chi</subfield>
    <subfield code="c">FISKH</subfield>
    <subfield code="d">FISKH</subfield>
  </datafield>
  <datafield tag="082" ind1=" " ind2=" ">
    <subfield code="a">495.1</subfield>
  </datafield>
  <datafield tag="100" ind1=" " ind2=" ">
    <subfield code="a">(&#x5B59;&#x84D3;)</subfield>
  </datafield>
  <datafield tag="245" ind1=" " ind2=" ">
    <subfield code="a">&#x6625;&#x5929;&#x5230; /</subfield>
    <subfield code="c">By &#x5B59;&#x84D3;</subfield>
  </datafield>
  <datafield tag="300" ind1=" " ind2=" ">
    <subfield code="a">20 pages : </subfield>
    <subfield code="b">color illustrations ;</subfield>
    <subfield code="c">21 cm . </subfield>
  </datafield>
  <datafield tag="520" ind1=" " ind2=" ">
    <subfield code="a">&#x300A;&#x6625;&#x5929;&#x5230;&#x300B;&#x662F;&#x4E00;&#x672C;&#x9762;&#x5411;&#x5C0F;&#x5B66;&#x4E8C;&#x5E74;&#x7EA7;&#x5B66;&#x751F;&#x7684;&#x6C49;&#x8BED;&#x5206;&#x7EA7;&#x8BFB;&#x7269;&#x3002;&#x6545;&#x4E8B;&#x901A;&#x8FC7;&#x751F;&#x52A8;&#x7684;&#x753B;&#x9762;&#x548C;&#x7B80;&#x5355;&#x7684;&#x8BED;&#x8A00;&#xFF0C;&#x63CF;&#x7ED8;&#x4E86;&#x6625;&#x5929;&#x6765;&#x4E34;&#x65F6;&#x5927;&#x81EA;&#x7136;&#x7684;&#x53D8;&#x5316;&#xFF0C;&#x5982;&#x82B1;&#x5F00;&#x3001;&#x6811;&#x7EFF;&#x3001;&#x5C0F;&#x52A8;&#x7269;&#x6D3B;&#x52A8;&#x7B49;&#x3002;

&#x672C;&#x4E66;&#x5E2E;&#x52A9;&#x5B66;&#x751F;&#x8BA4;&#x8BC6;&#x4E0E;&#x6625;&#x5929;&#x76F8;&#x5173;&#x7684;&#x8BCD;&#x6C47;&#x548C;&#x53E5;&#x5B50;&#xFF0C;&#x63D0;&#x9AD8;&#x9605;&#x8BFB;&#x80FD;&#x529B;&#xFF0C;&#x540C;&#x65F6;&#x611F;&#x53D7;&#x6625;&#x5929;&#x7684;&#x7F8E;&#x4E3D;&#x4E0E;&#x751F;&#x673A;&#x3002;</subfield>
  </datafield>
  <datafield tag="942" ind1=" " ind2=" ">
    <subfield code="2">ddc</subfield>
    <subfield code="c">BOOK</subfield>
    <subfield code="n">0</subfield>
  </datafield>
  <datafield tag="999" ind1=" " ind2=" ">
    <subfield code="c">10089</subfield>
    <subfield code="d">10089</subfield>
  </datafield>
  <datafield tag="952" ind1=" " ind2=" ">
    <subfield code="0">0</subfield>
    <subfield code="1">0</subfield>
    <subfield code="2">ddc</subfield>
    <subfield code="4">0</subfield>
    <subfield code="7">0</subfield>
    <subfield code="8">REF</subfield>
    <subfield code="a">002</subfield>
    <subfield code="b">002</subfield>
    <subfield code="c">LSHTTP</subfield>
    <subfield code="d">2026-04-07</subfield>
    <subfield code="l">0</subfield>
    <subfield code="o">&#x5B59;&#x84D3; 495.1</subfield>
    <subfield code="p">2026-0461</subfield>
    <subfield code="r">2026-04-07 11:43:48</subfield>
    <subfield code="w">2026-04-07</subfield>
    <subfield code="y">BOOK</subfield>
  </datafield>
</record>
